[Event "XVII MetLife Najdorf Open 2017"]
[Site "Warsaw"]
[Date "2017.07.13"]
[Round "5.28"]
[White "Kowalski, Igor"]
[Black "Shvayger, Yuliya"]
[Result "1/2-1/2"]
[WhiteElo "2226"]
[BlackElo "2434"]
[Annotator "TA"]
[PlyCount "153"]
[EventDate "2017.??.??"]
[EventType "swiss"]
[EventCountry "POL"]
[SourceTitle "playchess.com"]
[Source "ChessBase"]
[SourceQuality "1"]

{[%evp 10,153,12,12,18,25,50,18,20,19,6,-18,-15,0,-8,-35,-35,-37,-32,-35,-33,-73,-80,-87,-95,-107,-95,-106,-105,-101,-55,-61,-64,-50,-59,-56,-48,-66,-54,-64,-54,-73,-75,-78,-58,-75,-70,-101,-54,-54,-63,-168,-68,-118,-122,-346,-66,-66,-66,-71,-74,-76,0,0,0,-14,0,-69,-68,-76,-72,-114,0,-112,-58,-347,-12,-13,-12,-15,0,0,21,30,44,6,6,6,6,8,6,0,0,0,70,70,70,70,70,67,67,67,70,52,52,52,60,21,21,21,28,21,28,28,28,8,8,8,8,8,8,8,8,8,8,8,8,8,8,8,8,8,8,8,8,0,0,0,0,0,0,0,0,0,0,0]} 1. c4 e5 2. Nc3 Nf6 3. g3 c6 4. Bg2 Bb4 5. e4 O-O 6. Nge2 a6 {A22: English Opening: 1...e5 2 Nc3 Nf6} 7. O-O b5 8. cxb5 axb5 9. d4 d6 10. Bg5 $146 ({Predecessor:} 10. f4 Bg4 11. h3 exd4 12. hxg4 dxc3 13. bxc3 {½-½ (36) Andreikin,D (2659)-Kuzubov,Y (2636) Lubbock 2009}) 10... h6 11. Bxf6 Qxf6 12. d5 Bxc3 13. Nxc3 b4 14. Na4 Ba6 15. Nb6 Ra7 {Hoping for ...Qd8.} 16. Re1 Qd8 17. Na4 cxd5 18. Qxd5 Bb7 19. Qd1 Bc6 20. b3 Bxa4 21. bxa4 Nc6 22. a3 bxa3 23. Rxa3 Nd4 24. Qd3 Qa5 25. Rb1 Rc8 26. Ra2 Rac7 {Threatens to win with ...Rc1+.} 27. Qd2 Rc3 28. h4 R8c4 29. Rb8+ Kh7 {White must now prevent ...Qa7.} 30. Rb7 {[#]} (30. Rbb2 $15) 30... Rxa4 (30... Qc5 $1 $19 31. Kh2 Rc2 32. Rxc2 Rxc2) 31. Rxa4 Qxa4 32. Rxf7 $2 (32. Rb2 $17 {was necessary.} Qc4 33. Kh2) 32... Qb3 $2 (32... Rc2 $19 33. Qd3 Qa2) 33. Rf8 $1 $15 Qa3 $1 34. Kh2 Rc2 35. Qe3 Rc3 (35... Qa2 $17) 36. Qe1 Rc1 37. Qd2 Rc2 38. Qd1 (38. Qe3 $11 Qa2 39. Bf1) 38... Qb2 39. Qe1 Re2 40. Qf1 Qd2 ({Black should play} 40... g5 $17 41. Kh3 Qb7 42. hxg5 hxg5) 41. Kh3 (41. Bh3 $1 $11) 41... Nc2 (41... Qa2 $17 42. Qc1 Rc2) 42. Bh1 $2 {[%mdl 8192] [#]} ({Better is} 42. Kh2 $15) 42... Ne1 $2 (42... Re1 $1 $19 {[%cal Re1f1]} 43. Qg2 Qd1) 43. Bf3 $1 $11 {[%cal Rf3e2]} Nxf3 44. Rxf3 Rxe4 {[%mdl 4096] Endgame KQR-KQR} 45. Qb1 d5 46. Kg2 Qb4 $1 {[%cal Rb4b1]} 47. Rb3 Qe1 48. Qd3 Qe2 $1 $132 {[%mdl 2048] Black is not keeping still} 49. Qxd5 Rd4 50. Qf3 (50. Qe6 {looks sharper.} Qe4+ 51. Rf3 Rd1 52. Qf5+ Qxf5 53. Rxf5 e4 54. Re5) 50... Qxf3+ 51. Kxf3 {KR-KR} h5 (51... Kg6 $11) 52. Rb5 $14 g6 53. Rxe5 Kg7 54. Re4 Rd3+ 55. Kf4 Rd2 56. f3 Ra2 57. Rb4 Ra5 58. g4 hxg4 59. fxg4 Ra7 60. Rb5 Ra4+ 61. Kg5 Ra7 62. h5 gxh5 {The position is equal.} 63. Kxh5 Rc7 64. Rg5+ Kh7 65. Re5 Kg7 66. Re6 Ra7 67. g5 Rb7 68. Re5 Ra7 69. Rb5 (69. Re1 $5 {[%cal Re1e6]}) 69... Ra6 70. Rb7+ Kg8 71. Re7 Rb6 72. g6 Rb1 73. Kh6 {[%cal Re7e8]} Rh1+ 74. Kg5 Rg1+ 75. Kh6 {[%cal Re7e8]} Rh1+ 76. Kg5 Rg1+ 77. Kh6 {Precision: White = 48%, Black = 60%.} 1/2-1/2

[Event "XVII MetLife Najdorf Open 2017"]
[Site "Warsaw"]
[Date "2017.07.13"]
[Round "5.29"]
[White "Szustakowski, Antoni"]
[Black "Hnydiuk, Aleksander"]
[Result "1-0"]
[WhiteElo "2171"]
[BlackElo "2422"]
[Annotator "ChessBase"]
[PlyCount "65"]
[EventDate "2017.??.??"]
[EventType "swiss"]
[EventCountry "POL"]
[SourceTitle "playchess.com"]
[Source "ChessBase"]
[SourceQuality "1"]
[TimeControl "40/5400+30:1800+30"]

1. d4 Nf6 2. c4 c5 3. d5 b5 4. cxb5 a6 5. f3 g6 6. e4 Bg7 7. e5 Ng8 8. f4 d6 9. Nf3 Nh6 10. Nc3 O-O 11. Bd3 Qb6 12. a4 axb5 13. Bxb5 Bg4 14. O-O Nf5 15. exd6 exd6 16. Ne2 c4+ 17. Kh1 Ne3 18. Bxe3 Qxe3 19. Rc1 Bxb2 20. Rxc4 Na6 21. Ned4 Nc5 22. h3 Ne4 23. hxg4 Ng3+ 24. Kh2 Qxf4 25. Kg1 Nxf1 26. Qxf1 Rfc8 27. Bc6 Bxd4+ 28. Nxd4 Qxf1+ 29. Kxf1 Ra7 30. Nb5 Ra5 31. Nxd6 Rc7 32. Nb5 Re7 33. d6 1-0

[Event "XVII MetLife Najdorf Open 2017"]
[Site "Warsaw"]
[Date "2017.07.13"]
[Round "5.30"]
[White "Molenda, Marcin"]
[Black "Jeet, Jain"]
[Result "1/2-1/2"]
[WhiteElo "2419"]
[BlackElo "2191"]
[Annotator "TA RC"]
[PlyCount "100"]
[EventDate "2017.??.??"]
[EventType "swiss"]
[EventCountry "POL"]
[SourceTitle "playchess.com"]
[Source "ChessBase"]
[SourceQuality "1"]

{[%evp 10,100,18,-9,6,-2,25,22,20,20,30,20,35,38,31,29,89,24,34,22,45,0,39,0,0,0,0,0,0,0,34,9,8,12,15,-175,-187,-266,-247,-318,-260,-303,-32,-21,-29,-25,16,15,4,12,91,-128,-131,-280,-283,-334,-339,-311,-87,-74,82,-100,-86,-202,-194,-120,-165,-324,-49,-104,-49,-91,-87,-118,0,-10,-10,-20,-15,-17,0,-10,0,0,0,0,0,0,0,0,0,0,0]} 1. d4 d5 2. Nf3 Nf6 3. g3 e6 4. Bg2 c5 5. c4 dxc4 6. Qa4+ Bd7 {E04: Open Catalan: 5 Nf3} 7. Qxc4 Nc6 (7... b5 $5 {[%cal Rb5c4]} 8. Qc2 Na6 $11) (7... Bc6 8. O-O Nbd7 9. Nc3 Rc8 10. Be3 b5 11. Qd3 b4 12. Nb1 c4 13. Qc2 Be7 14. a3 b3 15. Qc1 Nb6 {0-1 (34) Radjabov,T (2745)-Anand,V (2783) Stavanger 2013}) 8. dxc5 Qa5+ 9. Nbd2 Qxc5 10. O-O Nd5 $146 ({NOTEXT:} 10... Rc8 11. Qxc5 Bxc5 12. Nc4 O-O 13. Nfe5 Nxe5 14. Nxe5 {½-½ (38) Zubarev,A (2546)-Tillyaev,U (2326) Tashkent 2016}) 11. a3 Rc8 12. Qd3 Qa5 (12... Nb6 $11) 13. Rd1 (13. Nc4 $16 Qa6 14. b3) 13... Ncb4 $1 $11 {[%cal Rb4d3]} 14. Qe4 {Hoping for Ne5.} f5 15. Qh4 Be7 16. Qh5+ g6 17. Qh6 Bf8 $36 {[%mdl 2048] White is under pressure.} 18. Qh3 ({Much worse is} 18. Nb3 Qb6 $17) 18... Nc2 19. Rb1 $1 {Strongly threatening e4.} Bg7 20. e4 Nde3 21. fxe3 Nxe3 22. Re1 $2 (22. Nb3 $11 {and White is okay.} Qb6 23. Bxe3 Qxe3+ 24. Kh1 Qxb3 25. exf5) 22... Ng4 $1 $19 {[%mdl 1024] ( -> ...Qc5+). Black has strong compensation.} 23. Bf1 (23. exf5 {leads to mate.} Qb6+ 24. Nd4 Qxd4+ 25. Re3 Qxe3+ 26. Kh1 Nf2+ 27. Kg1 Nxh3+ 28. Kh1 Qg1#) (23. Nf1 {might work better.} Rxc1 24. Rbxc1 Qb6+ 25. Ne3 Nxe3 26. Kh1) 23... Qb6+ 24. Kg2 h5 25. Bd3 Nf2 $2 (25... O-O $1 $19 26. Qh4 Bf6) 26. Nc4 $15 Rxc4 $1 27. Be3 Qd6 28. Bxf2 Qxd3 29. Rbd1 Qb3 (29... Qc2 $11 30. Rd2 fxe4 31. Rxc2 exf3+ 32. Kf1 Rxc2 33. Rxe6+ Kf7 34. Rf6+ Bxf6 35. Qxd7+ Kg8) 30. exf5 $2 (30. Nd2 $16 Qd3 31. Nxc4 Qxc4 32. Qh4 (32. Bxa7 Bc6 $14)) 30... Rg4 $17 31. Rd2 (31. Nh4 $17 {was the only defense.} Bc6+ 32. Kg1) 31... gxf5 $19 32. Re3 Qc4 $1 33. b3 Qc6 $2 (33... Qc7 $19 {has better winning chances.} 34. Kg1 h4 $1 {[%mdl 512]}) 34. Red3 $17 Bc8 $2 (34... h4 $1 $17 {[%cal Rh4g3] keeps the pressure on.} 35. Rxd7 Qxd7 36. Rxd7 Kxd7 37. Nxh4 Rhxh4 38. Qxh4 Rxh4 39. gxh4 a6) 35. Rd6 $2 (35. Rd8+ $16 {is forced if you want to stay better.} Ke7 36. Rxh8 Bxh8 37. Qxh5) 35... Qc7 {And now ...h4! would win.} 36. Rd8+ (36. Be3 $17) 36... Qxd8 $19 37. Rxd8+ Kxd8 38. Bxa7 $2 {[#]} (38. Kg1) 38... Bd7 $2 (38... h4 $1 $19 {[%cal Rh4g3][%mdl 512]} 39. Kh1 (39. Nxh4 Rhxh4) 39... Bd7) 39. Kf2 $1 $15 Bc6 (39... f4 $17 40. gxf4 e5 41. Bb6+ Kc8) 40. Bb6+ Ke7 {White must now prevent ...h4!} 41. Qf1 {[#]} Rc8 ({Black should play} 41... h4 $1 $17 {[%cal Rh4g3][%mdl 512] Threatens to win with ...hxg3+.} 42. Qd1 (42. Nxh4 Rhxh4) 42... hxg3+ 43. hxg3 Bf6 44. Bc5+ Kf7) 42. h3 {[#]The position is equal.} Bxf3 $1 {[%mdl 512]} 43. hxg4 (43. Kxf3 Rc3+) 43... hxg4 {...Rc2+ is the strong threat.} 44. Qd3 Be4 45. Qe3 Rc2+ 46. Kf1 Kf7 47. Bd4 Bxd4 (47... e5 $5 {[%cal Re5d4]} 48. Bc5 Kg6 $15) 48. Qxd4 Bd5 49. b4 Ra2 50. Qc3 b5 {Precision: White = 31%, Black = 32%.} 1/2-1/2

[Event "XVII MetLife Najdorf Open 2017"]
[Site "Warsaw"]
[Date "2017.07.13"]
[Round "5.31"]
[White "Heberla, Bartlomiej"]
[Black "Martin, Julian"]
[Result "1-0"]
[WhiteElo "2577"]
[BlackElo "2332"]
[Annotator "TA"]
[PlyCount "120"]
[EventDate "2017.??.??"]
[EventType "swiss"]
[EventCountry "POL"]
[SourceTitle "playchess.com"]
[Source "ChessBase"]
[SourceQuality "1"]

{[%evp 22,120,18,0,19,20,20,19,24,25,31,-41,-18,-49,0,-8,-8,-3,5,5,23,22,12,16,34,27,33,33,33,34,104,9,14,5,6,6,6,4,13,11,18,19,30,-54,17,15,13,9,14,17,26,23,26,26,26,18,40,0,0,0,39,21,21,18,18,19,32,32,28,21,41,38,39,29,29,33,75,75,75,75,76,75,216,216,210,206,191,169,1447,1447,1433,1387,1433,1400,1170,1174,1413,1403,1399,1360,1254]} 1. Nf3 Nf6 2. c4 b6 3. Nc3 Bb7 4. d4 e6 5. a3 d5 6. cxd5 exd5 7. Bg5 Be7 8. e3 O-O 9. Bd3 Nbd7 10. O-O Ne4 {E12: Queen's Indian: Unusual White 4th moves, 4 a3, 4 Nc3 Bb7 5 a3 and 4 Nc3 Bb7} 11. Bxe7 Qxe7 12. Rc1 {LiveBook: 8 Games} Rfd8 {The position is equal.} (12... Nd6 13. b4 a6 14. Qb3 Rfc8 15. Nxd5 Qe6 16. e4 Nxe4 17. Bxe4 Qxe4 18. Nxc7 {1-0 (29) Fier,A (2616)-Matsenko,A (2327) Fano 2016}) 13. b4 $146 ({Predecessor:} 13. Qe2 a6 14. Bb1 Rac8 15. Bd3 Ra8 16. Bb1 Rac8 17. Bd3 Ra8 18. Bb1 Rac8 {½-½ (18) Petschar,K (2356)-Horvath,T (2373) Austria 2013}) 13... c5 14. bxc5 bxc5 15. dxc5 Ndxc5 16. Ne2 (16. Be2 $14) 16... Nxd3 $15 17. Qxd3 Qd6 18. Rfe1 Ba6 19. Qd4 Qxa3 {[#] aiming for ...Bxe2.} 20. Ra1 Qd3 21. Qe5 {Black must now prevent Nf4.} Re8 22. Qf4 {With the idea Ne5.} Nf6 23. Ned4 {[%cal Be2d4,Bd4c6,Bc6e5][%mdl 1056] White has compensation.} Bc8 24. Qc7 {And now Ne5 would win.} Qc4 25. Nc6 Bd7 {[#]} (25... Qc5 $14) 26. Rec1 (26. Nfe5 $1 $16 {[%cal Re5c4]} Rxe5 27. Rac1) 26... Qe4 $11 27. Nce5 Rac8 28. Qd6 Rxc1+ 29. Rxc1 Qf5 30. Ra1 a5 31. h3 a4 32. g4 (32. Nxd7 $11 Qxd7 33. Qxd7 Nxd7 34. Rxa4) 32... Qe6 (32... Qc2 $15 33. Qb4 (33. Nxd7 Ne4 $17) 33... Ne4) 33. Qxe6 Bxe6 34. Rxa4 h5 35. g5 Ne4 36. Kg2 f6 37. gxf6 Nxf6 38. Ra7 Bf5 39. Kg3 Ne4+ 40. Kg2 Nf6 41. Nc6 {Ne7+ is the strong threat.} (41. Nf7 $5 {[%cal Rf7d6]} Be4 42. N7g5 $16) 41... Be4 42. Kg3 Bxf3 $1 43. Kxf3 {[%mdl 4096] Endgame KRN-KRN} Kh7 44. Nd4 Ne4 45. Kg2 Nf6 46. Nf5 Kg6 47. Ne7+ Kh6 48. h4 g5 49. Ra6 Rxe7 50. Rxf6+ $16 {KR-KR} Kg7 51. Rf5 gxh4 (51... d4 $16) 52. Rxd5 $18 ({Weaker is} 52. Rxh5 d4 $11) 52... Kg6 53. Kh3 Rf7 54. Rd6+ (54. Kxh4 Rxf2 55. Rd6+ Kf5 $11) 54... Kg5 $2 (54... Kf5 55. Rd4 (55. Kxh4 Ke5 $16) 55... Rb7 56. Rd5+ (56. Rxh4 Kg6 $16) (56. Kxh4 Rb2 $18) 56... Kg6 57. Kxh4 Rb4+ 58. Rd4 (58. f4 Re4 $16) 58... Rb1 59. Rd6+ Kf7 60. Kxh5 Rb2) 55. f4+ {White is clearly winning.} Kf5 56. Rd5+ Kg6 57. Re5 Rc7 58. Kxh4 Rc3 59. e4 Rc6 60. Rg5+ Kf6 {Precision: White = 65%, Black = 39%.} 1-0

[Event "XVII MetLife Najdorf Open 2017"]
[Site "Warsaw"]
[Date "2017.07.13"]
[Round "5.32"]
[White "Lalith Babu M R"]
[Black "Urazayev, Arystanbek"]
[Result "1/2-1/2"]
[WhiteElo "2530"]
[BlackElo "2322"]
[Annotator "TA"]
[PlyCount "118"]
[EventDate "2017.??.??"]
[EventType "swiss"]
[EventCountry "POL"]
[SourceTitle "playchess.com"]
[Source "ChessBase"]
[SourceQuality "1"]

{[%evp 21,118,-9,0,-2,-6,-20,-11,-17,-6,0,8,0,0,0,0,-4,6,0,18,0,0,-40,-16,-10,0,8,9,0,11,-16,-3,-10,0,-14,0,-1,0,-8,0,0,0,0,9,0,23,29,29,20,11,0,0,0,0,0,0,0,0,0,0,0,0,0,0,0,79,18,0,0,0,0,0,0,0,0,0,0,0,0,0,0,0,0,0,0,0,0,0,0,0,0,0,0,0,0,0,0,0,0,0]} 1. c4 Nf6 2. g3 e5 3. Bg2 Nc6 4. Nc3 Bc5 5. e3 O-O 6. Nge2 a6 7. O-O d6 8. a3 Ba7 9. d4 {A22: English Opening: 1...e5 2 Nc3 Nf6} (9. b4 Bf5 10. d3 Qd7 11. Re1 Bh3 12. Bh1 Ng4 13. d4 exd4 14. exd4 Rae8 15. c5 dxc5 16. dxc5 Qxd1 17. Rxd1 {½-½ (51) Ponomariov,R (2743)-Kobalia,M (2651) Khanty-Mansiysk 2013}) 9... exd4 10. exd4 Re8 11. h3 h6 {LiveBook: 4 Games} 12. Be3 Ne7 13. b4 c6 $146 ({Predecessor:} 13... d5 14. c5 {1-0 (29) Compagnie,L-Montagerand,B Naujac 2000}) 14. a4 d5 15. c5 Bb8 16. Bf4 Ng6 17. Bxb8 Rxb8 18. Qd3 h5 19. Rae1 Bd7 20. Qd2 Qc7 21. Qg5 Re7 22. Nc1 Rbe8 23. Rxe7 Rxe7 24. Nd3 Qc8 25. Kh2 Bf5 26. Nf4 Nxf4 27. Qxf4 Bg6 28. Bf3 Qe8 29. Kg2 Kh7 30. b5 axb5 31. axb5 Qa8 32. Qc1 Nd7 (32... Be4 $5) 33. b6 Qa6 34. Qd2 Qa3 35. Re1 Rxe1 36. Qxe1 Nf8 37. Qe3 (37. Nxd5 $5 cxd5 38. Bxd5 $14) 37... Qb4 $1 38. Ne2 {[#] And now Qe7 would win.} Ne6 39. h4 Qb2 40. Kh2 Qa1 41. g4 hxg4 42. Bxg4 Be4 {[#]} (42... Qd1 $1 $11) 43. f3 ({Better is} 43. Ng3 $1 $16) 43... Bc2 $1 $11 {The position is equal.} 44. Bxe6 fxe6 45. Ng3 Qd1 46. Kg2 (46. Nh5 $5 {[%cal Re3e5]}) 46... Bf5 47. Nh5 Bg6 48. Nf4 Bf5 49. h5 (49. Nh3 $5 {[%cal Rh3g5]}) 49... Qc2+ 50. Kg3 Qd1 51. Kh4 Qh1+ 52. Kg5 Qh2 {[%cal Rh2g3]} 53. Qe1 Bh3 54. Nxe6 Qg2+ 55. Kh4 Bxe6 $1 56. Qxe6 Qxf3 57. Qg6+ Kh8 58. Qe8+ Kh7 59. Qg6+ Kh8 {Precision: White = 40%, Black = 71%.} 1/2-1/2

[Event "XVII MetLife Najdorf Open 2017"]
[Site "Warsaw"]
[Date "2017.07.13"]
[Round "5.33"]
[White "Eggink, Ryszard"]
[Black "Romanishin, Oleg M"]
[Result "1/2-1/2"]
[WhiteElo "2322"]
[BlackElo "2463"]
[Annotator "TA"]
[PlyCount "95"]
[EventDate "2017.??.??"]
[EventType "swiss"]
[EventCountry "POL"]
[SourceTitle "playchess.com"]
[Source "ChessBase"]
[SourceQuality "1"]

{[%evp 21,95,22,29,-18,-7,-14,-6,-52,-45,-70,-61,-70,-78,-77,-80,-94,-62,-87,-97,-126,-112,-123,-133,-116,-114,-122,-108,-146,-136,-156,-81,-78,-64,-199,-207,-168,-175,-139,7,-13,-22,-11,0,0,0,0,0,0,0,-3,-3,-3,8,-19,0,0,0,0,0,0,0,0,0,0,0,0,0,0,0,0,0,0,0,0,0,0]} 1. e4 e5 2. Nf3 Nc6 3. Bb5 a6 4. Ba4 Nf6 5. O-O Be7 6. d3 b5 7. Bb3 d6 8. a4 Bd7 9. c3 O-O 10. Nbd2 Na5 11. Bc2 c5 12. d4 {C55: Two Knights: 4 d3, 4 d4 exd4 5 e5 and Max Lange Attack} (12. Re1 h6 13. Nf1 Nc6 14. Ne3 Be6 15. d4 cxd4 16. cxd4 Nxd4 17. Nxd4 exd4 18. Qxd4 Qc7 19. axb5 axb5 {½-½ (47) Kryvoruchko,Y (2710)-Yu,Y (2750) China 2017}) 12... cxd4 13. cxd4 Qc7 14. b4 $146 ({Predecessor:} 14. axb5 Bxb5 15. Re1 Nc6 16. Nb3 a5 17. Be3 Nb4 18. Bb1 a4 19. Nc1 Rfc8 {½-½ (28) Fogarasi,T (2372)-Spalir,J (2330) Zalakaros 2016}) 14... Nc6 15. Ba3 exd4 16. Rc1 Qb7 17. Re1 Ng4 18. Nb3 bxa4 19. Nbxd4 Nxd4 20. Qxd4 Rac8 21. h3 {[#]} Ne5 $1 {[%mdl 512]} 22. Nxe5 dxe5 23. Qxe5 Bxb4 24. Rb1 {[#]} a5 $1 25. Bd3 Rb8 (25... Qb6 $142 26. Red1 Be6) 26. Re3 $17 Qc6 27. Bb2 (27. Rg3 $1 $15 f6 28. Qa1) 27... f6 $19 28. Qh5 a3 29. Rc1 Be8 (29... axb2 $17 30. Rxc6 Bxc6) 30. Rxc6 {The position is equal.} Bxh5 31. Bc4+ Kh8 32. Bxa3 Rfc8 33. Rxc8+ Rxc8 34. Bxb4 axb4 $11 {[%mdl 4096] Endgame KRB-KRB} 35. Bb3 Rc1+ 36. Kh2 g5 37. Kg3 (37. e5 {with more complications.} fxe5 38. Rxe5 h6 39. Rb5 Rb1 40. Bd5) 37... Bd1 38. Bxd1 Rxd1 {KR-KR} 39. Rb3 Rd4 40. Kf3 Kg7 41. Ke3 Rc4 42. Kd3 Rc1 43. Rxb4 Rg1 44. g3 Rh1 45. Rb7+ Kg6 46. Rb6 Kg7 47. e5 fxe5 48. Ke4 {Precision: White = 59%, Black = 54%.} 1/2-1/2

[Event "XVII MetLife Najdorf Open 2017"]
[Site "Warsaw"]
[Date "2017.07.13"]
[Round "5.34"]
[White "Nasuta, Grzegorz"]
[Black "Bednarek, Sylwester"]
[Result "1-0"]
[WhiteElo "2455"]
[BlackElo "2309"]
[Annotator "TA"]
[PlyCount "59"]
[EventDate "2017.??.??"]
[EventType "swiss"]
[EventCountry "POL"]
[SourceTitle "playchess.com"]
[Source "ChessBase"]
[SourceQuality "1"]

{[%evp 15,59,8,39,29,42,35,58,16,21,32,26,23,30,34,116,71,113,118,115,108,118,137,294,339,316,316,328,320,302,299,229,226,510,502,1070,993,2499,2454,2122,2096,1737,1665,29997,29998,29998,29999]} 1. e4 e6 2. d4 d5 3. Nc3 Bb4 4. e5 c5 5. a3 Bxc3+ 6. bxc3 Qa5 7. Bd2 Qa4 8. Qg4 g6 9. Nf3 {C18: French: 3 Nc3 Bb4: Main line: 7 h4 and 7 Qg4} b6 (9... Nc6 10. Be2 b6 11. O-O cxd4 12. Nxd4 Nxd4 13. cxd4 Ba6 14. Bxa6 Qxa6 15. c4 Ne7 16. Bb4 Qb7 17. Bxe7 Qxe7 18. cxd5 exd5 {1-0 (50) Bobras,P (2523)-Socko,B (2613) Bialystok 2016}) 10. Bd3 Ba6 $146 ({Find the theoretical novelty and annotate with similar games:} 10... c4 11. Be2 Qxc2 12. O-O Bd7 13. a4 Nc6 14. Rac1 h5 15. Qxe6+ Bxe6 16. Rxc2 {½-½ (26) Kok,M (1916)-Klomp,R (2121) Bussum 2012}) 11. Qf4 {White is slightly better.} Bxd3 12. cxd3 h6 13. c4 Ne7 14. dxc5 Nd7 (14... bxc5 $14 15. O-O Nd7) 15. cxb6 $16 axb6 16. O-O g5 17. Qg4 Nc5 18. Qh5 g4 $2 (18... Nb3 $16) 19. Ng5 $1 $18 {[%cal Rg5f7]} ({Inferior is} 19. Qxg4 Nxd3 20. Qg7 Rg8 $14) 19... Ng6 {[#]} 20. Nxf7 $1 Kxf7 {[#]} 21. f4 $1 {[%cal Rf4f5] Hoping for f5.} Kg7 22. f5 ({Stronger than} 22. Qxg4 Rhf8 $15) 22... exf5 23. Rxf5 $40 {[%mdl 128] White is out for blood.} Ne6 $2 (23... Qe8 {was necessary.} 24. e6 (24. cxd5 Nxe5 25. Qh4 Ncxd3 $18) (24. Qxg4 dxc4 25. Raf1 Ra7 $16) 24... Ne5) 24. Rf6 {[%csl Gf6][%cal Rh5g6]} Nef8 (24... Qe8 $142 25. cxd5 Nef8) 25. Raf1 {Rf7+ would kill now.} Rh7 {[#]} 26. Bxh6+ $1 {[%mdl 512]} Kh8 (26... Rxh6 27. Rf7+) 27. Rxg6 Nxg6 28. Qxg6 {Intending Qf6+ and mate.} dxc4 29. Qf6+ Kg8 {[#]} 30. Qf8+ $1 {[%mdl 512] Precision: White = 89%, Black = 15%.} 1-0

[Event "XVII MetLife Najdorf Open 2017"]
[Site "Warsaw"]
[Date "2017.07.13"]
[Round "5.35"]
[White "Winiarski, Mikolaj"]
[Black "Noe, Christopher"]
[Result "1/2-1/2"]
[WhiteElo "2295"]
[BlackElo "2451"]
[Annotator "TA"]
[PlyCount "74"]
[EventDate "2017.??.??"]
[EventType "swiss"]
[EventCountry "POL"]
[SourceTitle "playchess.com"]
[Source "ChessBase"]
[SourceQuality "1"]

{[%evp 13,74,88,88,34,56,17,18,4,29,-4,26,2,95,87,99,47,56,35,27,17,23,6,23,10,25,25,50,23,29,25,25,19,40,39,44,16,16,16,28,25,28,30,29,15,15,15,15,15,15,9,15,0,0,0,0,1,1,1,8,0,0,0,1]} 1. e4 d5 2. exd5 Qxd5 3. Nc3 Qd8 4. d4 Nf6 5. Bc4 Bg4 6. Nge2 {B01: Scandinavian Defence} (6. Nf3 e6 7. h3 Bxf3 8. Qxf3 c6 9. Be3 Nbd7 10. Bb3 Be7 11. Ne4 Nd5 12. Bd2 O-O 13. c4 N5f6 {½-½ (64) Engel,L (2319)-Langheinrich,F (2364) Apolda 2017}) 6... e6 7. f3 Bf5 {LiveBook: 5 Games} 8. Be3 (8. g4 $16 Bg6 9. h4) 8... Nbd7 9. a3 $146 (9. g4 $5 {[%cal Rg4f5]} Bg6 10. h4 $14) ({Predecessor:} 9. Qd2 Nb6 10. Bb3 Bb4 11. a3 Bxc3 12. Nxc3 c6 13. h4 h5 {1-0 (34) Schaerer,J (2254)-Berchtold,C (2070) Switzerland 2016}) 9... Nb6 10. Ba2 (10. Bb3 {seems wilder.} Be7 11. Bf2 h5 12. Ng3 Bg6 13. Nge4) 10... Nfd5 11. Nxd5 Nxd5 (11... exd5 {is more complex.} 12. Qd2 Qd7 13. g4 Bg6 14. O-O-O O-O-O) 12. Bf2 Be7 (12... Qg5 $11) 13. c4 $16 Nb6 14. O-O (14. g4 $16 Bg6 15. O-O) 14... O-O $14 15. Ng3 {[%cal Be2g3,Bg3e4,Be4c5,Bc5d3,Bd3e5][%mdl 32]} Bg6 16. Ne4 Nd7 17. Re1 Nf6 (17... Bxe4 $5 18. Rxe4 Nf6 $14) 18. Qe2 c6 19. Rad1 Qc8 20. Nc5 Re8 21. Nd3 Qc7 22. Ne5 Rad8 23. Bg3 Qc8 24. b4 a5 25. c5 axb4 26. axb4 Nh5 27. Bf2 Nf4 28. Qe3 (28. Qd2 $5 {[%cal Rd2f4]} Nd5 29. Ra1 $11) 28... Nd5 {The position is equal.} 29. Qa3 b5 30. Bxd5 Rxd5 31. Ra1 {Qa6 is the strong threat.} Bf6 32. Qa6 (32. Qa7 {is interesting.} Bxe5 33. Rxe5 h6 34. Ree1 Rd7 35. Qa6) 32... Bxe5 33. Rxe5 Rxe5 34. Qxc8 Rxc8 35. dxe5 Bd3 36. Bh4 h6 37. Be7 Bc4 {Precision: White = 40%, Black = 54%.} 1/2-1/2

[Event "XVII MetLife Najdorf Open 2017"]
[Site "Warsaw"]
[Date "2017.07.13"]
[Round "5.36"]
[White "Janik, Igor"]
[Black "Rakesh Kumar Jena"]
[Result "0-1"]
[WhiteElo "2425"]
[BlackElo "2283"]
[Annotator "TA"]
[PlyCount "76"]
[EventDate "2017.??.??"]
[EventType "swiss"]
[EventCountry "POL"]
[SourceTitle "playchess.com"]
[Source "ChessBase"]
[SourceQuality "1"]

{[%evp 25,76,31,42,40,38,27,41,35,32,39,68,56,66,0,0,-8,6,15,4,-51,-51,-94,-122,-123,-118,-233,-240,-277,-120,-206,-143,-163,-95,-163,-176,-314,-312,-324,-320,-320,-313,-317,-313,-316,-308,-533,-508,-1143,-952,-29992,-29993,-29993,-29994]} 1. e4 c5 2. Nf3 e6 3. d4 cxd4 4. Nxd4 Nf6 5. Nc3 Nc6 6. Ndb5 Bb4 7. a3 Bxc3+ 8. Nxc3 d5 9. exd5 exd5 10. Bd3 O-O 11. O-O d4 12. Ne2 Bg4 13. Bg5 Qd6 14. f3 {B45: Sicilian Four Knights} (14. Qd2 h6 15. Bf4 Qd7 16. Bxh6 Bxe2 17. Bxg7 Bxd3 18. Bxf6 Qf5 19. Qh6 Qh7 20. Qg5+ Bg6 21. f4 Qh5 {0-1 (57) Adhiban,B (2666)-Tregubov,P (2585) Doha 2016}) 14... Bh5 15. Bh4 Rfe8 16. Bf2 {White is slightly better.} Rad8 17. Qd2 Nd5 18. Rfe1 Ne3 19. Ng3 (19. Nxd4 $14 Qxd4 20. Rxe3 (20. Bxe3 Qxb2 21. Bf2 Bg6 $11) 20... Qxb2 21. Rxe8+ Rxe8 22. Re1 Rxe1+ 23. Qxe1) 19... Bg6 $11 20. Ne4 Bxe4 21. Bxe4 f5 22. Bd3 $146 ({White should try} 22. Bxe3 $11 fxe4 23. Bf4) 22... f4 $15 23. Be4 Rxe4 $40 {[%mdl 128] Black wants a kill.} 24. fxe4 {[%cal Rf2e3] [#]} Qg6 $1 {[%csl Ge3][%cal Rg6g2]} 25. Bh4 (25. Bxe3 $17 dxe3 26. Qe2) 25... Ne5 $19 {[%mdl 1024] Black has strong compensation.} 26. Kh1 Rf8 (26... Rd7 $19 {is more deadly.} 27. Rg1 Qxe4) 27. Be7 (27. Rxe3 $17 dxe3 28. Qd5+ Nf7 29. Be7) 27... Re8 28. Bc5 {[#]} f3 ({But not} 28... Qxe4 29. Bxd4 N5c4 30. Rxe3 $17) (28... Qh5 $1 $19 {Threatens to win with ...N5g4.} 29. Bd6 (29. Bxd4 $2 Nf3 $19) (29. Bxa7 Nf3 $19) 29... Nf3 30. gxf3 Qxf3+ 31. Kg1 Re6 32. Bxf4 Qxf4 33. Rxe3 dxe3) 29. Rxe3 $17 dxe3 30. Bxe3 (30. Qd5+ $142 Kh8 31. gxf3) 30... Nc4 $19 (30... Qxe4 31. Bxa7 b6 32. gxf3 $15 (32. Rd1 $2 Nc4 $19)) 31. Qd5+ Kh8 {[%csl Gf3][%cal Rg6g2]} 32. gxf3 Nxe3 {[%csl Ge3][%cal Rg6g2]} 33. Qd2 Nc4 34. Qd4 Ne5 35. Qxa7 $2 (35. Rf1) 35... Nxf3 36. Qxb7 (36. Qe3 $142 Nxh2 37. Qf4) 36... Qe6 {( -> ...Qe5)} 37. a4 Qe5 {[%csl Gf3][%cal Re5h2]} 38. Kg2 Rf8 {Precision: White = 34%, Black = 67%.} 0-1